00473nam a2200145Ia 4500008004100000020001500041041000800056082001800064100002200082245014200104250000600246260004100252300001100293650002300304210716s1991 xx 000 0 und d a1560520183 aeng a658.3222 HAYM aHaynes, Marion E. aPractical time managememt: how to make the most of your most perishable resource.bHow to make the most of your most perishable resource. a1 aCaliforniabCrisp Publicationsc1991 aix,122 aGeneral Management